000 00298nam a22001337a 4500
008 171018b xxu||||| |||| 00| 0 eng d
020 _a9780131503496
041 _aeng
080 _210 ED
_a338
100 _a53
101 _aMEN
245 _aSTRATEGIC MANAGEMENT
_cDAVID.F.R
942 _2udc
_cBK
999 _c34693
_d34693